[Event "Magistral ciutat de Barcelona,"]
[Site "Barcelona"]
[Date "2009.11.02"]
[Round "1.1"]
[White "Alsina Leal, Daniel"]
[Black "Narciso Dublan, Marc"]
[Result "1/2-1/2"]
[WhiteElo "2523"]
[BlackElo "2510"]
[PlyCount "153"]
[EventDate "2009.11.02"]
[EventRounds "9"]
[EventCountry "ESP"]

1. e4 Nf6 2. e5 Nd5 3. d4 d6 4. Nf3 dxe5 5. Nxe5 c6 6. Be2 Bf5 7. O-O Nd7 8.
Nf3 h6 9. a3 Qc7 10. c4 N5f6 11. g3 e6 12. Bf4 Bd6 13. Bxd6 Qxd6 14. c5 Qc7 15.
Nbd2 O-O 16. Nc4 Be4 17. b4 Bd5 18. Re1 b5 19. cxb6 axb6 20. Ne3 Ra7 21. Nxd5
Nxd5 22. Qb3 Rfa8 23. Rec1 Qd6 24. Qb2 c5 25. dxc5 bxc5 26. bxc5 Nxc5 27. Nd4
Na4 28. Qd2 Rc7 29. Nb5 Rxc1+ 30. Rxc1 Qb6 31. Qc2 Qa5 32. Bd3 Rd8 33. Bf1 Nab6
34. Qe4 Nd7 35. Qe1 Qa4 36. Qd1 Qa5 37. Qe1 Qa4 38. Qd1 Qa5 39. Qe2 Rb8 40. Rc6
N7f6 41. Qc2 Ne7 42. Rc5 Nfd5 43. Qc1 Qb6 44. Nd4 Ra8 45. Bb5 Ra7 46. a4 Rc7
47. Nb3 Nc8 48. a5 Rxc5 49. Qxc5 Qxc5 50. Nxc5 Kf8 51. f4 Ne3 52. Be2 Ke7 53.
Kf2 Nc2 54. Bd3 Nb4 55. Be4 Na7 56. Ke3 Kd6 57. Nd3 Nd5+ 58. Kd2 Nc6 59. a6 Kc7
60. Bxd5 exd5 61. Kc3 Kb6 62. Ne5 Nxe5 63. fxe5 Kxa6 64. Kd4 Kb6 65. Kxd5 Kc7
66. e6 Kd8 67. exf7 Ke7 68. f8=Q+ Kxf8 69. Ke6 Ke8 70. g4 Kf8 71. h3 Ke8 72. h4
Kf8 73. g5 hxg5 74. hxg5 Ke8 75. g6 Kf8 76. Kd7 Kg8 77. Ke6 {[%emt 0:33:29] 1/
2-1/2 MI Alsina-GM Narciso/Barcelona} 1/2-1/2

[Event "Magistral ciutat de Barcelona,"]
[Site "Barcelona"]
[Date "2009.11.03"]
[Round "2.1"]
[White "Peralta, Fernando"]
[Black "Alsina Leal, Daniel"]
[Result "1/2-1/2"]
[WhiteElo "2557"]
[BlackElo "2523"]
[PlyCount "81"]
[EventDate "2009.11.02"]
[EventRounds "9"]
[EventCountry "ESP"]

1. Nf3 Nf6 2. c4 g6 3. Nc3 d5 4. cxd5 Nxd5 5. h4 h6 6. e4 Nxc3 7. bxc3 Bg7 8.
d4 c5 9. Rb1 O-O 10. Be2 cxd4 11. cxd4 Qa5+ 12. Bd2 Qxa2 13. O-O Bg4 14. Rxb7
Nd7 15. h5 Rab8 16. Rc7 gxh5 17. Qc1 Qb2 18. Bxh6 Qxc1 19. Bxc1 a5 20. Ba3 Rfc8
21. Rfc1 Rxc7 22. Rxc7 Nf6 23. e5 Nd5 24. Ra7 Nf4 25. Bc4 Bxf3 26. gxf3 Rc8 27.
Bc5 e6 28. Rxa5 Bf8 29. Kh2 Ng6 30. f4 Nxf4 31. Kg3 Bh6 32. Bf1 Rb8 33. Rb5 Ra8
34. Bg2 Nxg2 35. Kxg2 Ra2 36. Rb3 Kh7 37. Rf3 Kg6 38. Rf6+ Kg7 39. Bf8+ Kxf8
40. Rxh6 Rd2 41. Rxh5 1/2-1/2

[Event "Magistral ciutat de Barcelona,"]
[Site "Barcelona"]
[Date "2009.11.04"]
[Round "3.1"]
[White "Fier, Alexandr"]
[Black "Andersson, Ulf"]
[Result "0-1"]
[WhiteElo "2653"]
[BlackElo "2582"]
[PlyCount "136"]
[EventDate "2009.11.02"]
[EventRounds "9"]
[EventCountry "ESP"]

1. e4 e6 2. d4 d5 3. Nc3 dxe4 4. Nxe4 Nd7 5. Bd3 Ngf6 6. Nf3 c5 7. O-O Nxe4 8.
Bxe4 Be7 9. c3 O-O 10. Re1 Nf6 11. Bc2 Qc7 12. Bg5 b6 13. Ne5 cxd4 14. Qxd4 Nd5
15. Bxe7 Qxe7 16. c4 Nf6 17. Qh4 h6 18. Rad1 Bb7 19. Rd4 Rfd8 20. Red1 Rxd4 21.
Qxd4 Rc8 22. Nd7 Bc6 23. Ne5 Be8 24. f4 Qc5 25. Qxc5 Rxc5 26. Kf2 Kf8 27. Ke3
Ke7 28. b4 Rc7 29. Bb3 Nd7 30. Nd3 f6 31. Rc1 g5 32. g3 Bg6 33. h4 gxh4 34.
gxh4 Rc8 35. Rg1 Kf7 36. Nf2 Bf5 37. Ne4 Bxe4 38. Kxe4 f5+ 39. Kd4 Rd8 40. Ke3
Nf6 41. Rd1 Ng4+ 42. Ke2 Rxd1 43. Kxd1 Ne3+ 44. Kd2 Ng2 45. c5 bxc5 46. bxc5
Ke7 47. Kd3 Nxh4 48. c6 Kd6 49. Kd4 Ng6 50. c7 Ne7 51. Ke3 e5 52. fxe5+ Kxe5
53. Bf7 Kd6 54. Kf4 Kxc7 55. Ke5 Kc6 56. Bh5 Kd7 57. Bf7 a5 58. a4 Kc6 59. Bh5
Kc5 60. Ke6 Nd5 61. Kxf5 Nc3 62. Be8 Kb4 63. Kg6 Nxa4 64. Kxh6 Nc3 65. Kg5 Nb5
66. Kf4 a4 67. Ke3 Kc3 68. Bf7 Nd4 0-1

[Event "Magistral ciutat de Barcelona,"]
[Site "Barcelona"]
[Date "2009.11.04"]
[Round "3.1"]
[White "Alsina Leal, Daniel"]
[Black "Almeida Quintana, Omar"]
[Result "1-0"]
[WhiteElo "2523"]
[BlackElo "2542"]
[PlyCount "71"]
[EventDate "2009.11.02"]
[EventRounds "9"]
[EventCountry "ESP"]

1. e4 g6 2. d4 Bg7 3. Nc3 d6 4. f4 Nc6 5. Nf3 Bg4 6. Be3 Bxf3 7. gxf3 d5 8. Bb5
e6 9. Qd2 Nge7 10. O-O-O Qd6 11. f5 gxf5 12. Rhg1 Ng6 13. h4 h5 14. Bg5 Kf8 15.
exf5 exf5 16. Bxc6 Qxc6 17. Qd3 Qd7 18. Ne2 Re8 19. Ng3 Qa4 20. Kb1 f4 21. Nf5
Re6 22. Rde1 Rxe1+ 23. Rxe1 Qd7 24. Rg1 a6 25. a3 Kg8 26. c3 Kh7 27. Bxf4 Re8
28. Ng3 Bf6 29. Nxh5 Bxh4 30. Bc1 Kh8 31. Rh1 Qe7 32. Qd2 Qf8 33. Nf4 Qg7 34.
Nxg6+ Qxg6+ 35. Ka2 Qh7 36. Qf4 1-0

[Event "Magistral ciutat de Barcelona,"]
[Site "Barcelona"]
[Date "2009.11.04"]
[Round "3.1"]
[White "Magem Badals, Jordi"]
[Black "Narciso Dublan, Marc"]
[Result "1/2-1/2"]
[WhiteElo "2564"]
[BlackElo "2510"]
[PlyCount "108"]
[EventDate "2009.11.02"]
[EventRounds "9"]
[EventCountry "ESP"]

1. e4 Nf6 2. e5 Nd5 3. d4 d6 4. c4 Nb6 5. exd6 exd6 6. Nc3 Nc6 7. Be3 Be7 8.
Bd3 O-O 9. Nge2 Nb4 10. b3 d5 11. c5 Nd7 12. Bb1 c6 13. a3 Na6 14. O-O Nc7 15.
b4 Re8 16. Qd2 b6 17. Bd3 Ba6 18. Bxa6 Nxa6 19. Qc2 Nc7 20. Qa4 b5 21. Qc2 a5
22. bxa5 Rxa5 23. a4 Qa8 24. Ra2 b4 25. Nb1 Qa6 26. Qb3 Qc4 27. Nc1 Rea8 28.
Qd1 Nf6 29. f3 Ne6 30. Rff2 Nd7 31. Rfb2 Bg5 32. Bxg5 Nxg5 33. Ne2 Rb8 34. Nd2
Qa6 35. Rb1 Ne6 36. Rba1 Qd3 37. Nb3 Qe3+ 38. Kh1 Ra7 39. Ng3 g6 40. Re2 Qf4
41. a5 h5 42. Re1 h4 43. Nf1 Nf6 44. Qd3 Nh5 45. Qe3 Qf6 46. Qe5 Qxe5 47. Rxe5
Nhg7 48. Kg1 Nf5 49. Rd1 Nc7 50. Ne3 Nxe3 51. Rxe3 Nb5 52. Rde1 Kf8 53. Kf2 Na3
54. R3e2 Rba8 1/2-1/2

[Event "Magistral ciutat de Barcelona,"]
[Site "Barcelona"]
[Date "2009.11.04"]
[Round "3.1"]
[White "Tregubov, Pavel V"]
[Black "Lopez Martinez, Josep Manuel"]
[Result "1/2-1/2"]
[WhiteElo "2642"]
[BlackElo "2589"]
[PlyCount "177"]
[EventDate "2009.11.02"]
[EventRounds "9"]
[EventCountry "ESP"]

1. d4 Nf6 2. c4 g6 3. g3 Bg7 4. Bg2 O-O 5. Nc3 d6 6. Nf3 Nbd7 7. O-O e5 8. e4
c6 9. b3 Qb6 10. Rb1 exd4 11. Nxd4 Re8 12. Be3 Qd8 13. h3 Nc5 14. Qc2 a5 15.
Rbd1 Qe7 16. Rfe1 Nfd7 17. f4 Nb8 18. Bf2 Nba6 19. a3 Bd7 20. g4 Rad8 21. Nf3
Bc8 22. Bh4 Bf6 23. Bg3 Qc7 24. e5 dxe5 25. fxe5 Bg7 26. Kh2 Qb6 27. Rxd8 Rxd8
28. Nd2 Be6 29. Rb1 Qc7 30. Nf3 h5 31. Rf1 hxg4 32. hxg4 Rd7 33. Ne4 Nxe4 34.
Qxe4 Qb6 35. Ng5 Nc7 36. Qf3 Qd4 37. Nxe6 Nxe6 38. Re1 Qb2 39. a4 Rd2 40. Kh1
Nd4 41. Qe4 Ne6 42. Qf3 Qc2 43. Bf1 Rd7 44. c5 Nd4 45. Qd1 Qxc5 46. Bc4 Rd5 47.
Qd3 Rd8 48. Bh4 Rd5 49. Bf6 Kf8 50. Bxd5 Qxd5+ 51. Qe4 Qxe4+ 52. Rxe4 Nxb3 53.
Re1 Nc5 54. Rd1 Bxf6 55. exf6 Ke8 56. Kg2 Nxa4 57. Re1+ Kf8 58. Ra1 b5 59. Rc1
c5 60. Rd1 Ke8 61. Re1+ Kf8 62. Re7 b4 63. Ra7 Ke8 64. Rxa5 Nc3 65. Rxc5 Kd7
66. Kf3 Kd6 67. Rc8 g5 68. Rb8 Nd5 69. Ke4 Nxf6+ 70. Kf5 Nd5 71. Kxg5 Kc5 72.
Kf5 Kc4 73. Ke5 Ne3 74. g5 b3 75. Rb7 Ng4+ 76. Kf4 Nf2 77. Ke3 Nh3 78. Rc7+ Kb4
79. Rxf7 Nxg5 80. Rb7+ Kc4 81. Rc7+ Kb4 82. Kd3 Ne6 83. Rb7+ Kc5 84. Rxb3 Kd5
85. Rb5+ Kc6 86. Kc4 Nc7 87. Ra5 Kd7 88. Ra4 Kd6 89. Ra1 1/2-1/2

[Event "Magistral ciutat de Barcelona,"]
[Site "Barcelona"]
[Date "2009.11.05"]
[Round "4.1"]
[White "Narciso Dublan, Marc"]
[Black "Tregubov, Pavel V"]
[Result "0-1"]
[WhiteElo "2510"]
[BlackElo "2642"]
[PlyCount "104"]
[EventDate "2009.11.02"]
[EventRounds "9"]
[EventCountry "ESP"]

1. e4 c5 2. Nc3 e6 3. Nge2 Nc6 4. g3 Nf6 5. Bg2 d6 6. O-O a6 7. d4 cxd4 8. Nxd4
Bd7 9. b3 Be7 10. Bb2 O-O 11. Nde2 b5 12. Qd2 Qc7 13. Nd1 Rac8 14. Ne3 Ne5 15.
Nd4 Rfd8 16. Rfc1 Be8 17. c4 bxc4 18. Nxc4 Nxc4 19. Rxc4 Qb6 20. Rxc8 Rxc8 21.
Rc1 Rxc1+ 22. Qxc1 Bd7 23. Qc2 h6 24. h3 a5 25. Kh2 Bd8 26. f4 a4 27. bxa4 Bxa4
28. Nb3 Bc6 29. Bd4 Qa6 30. Nd2 Bb7 31. Qb2 Qa8 32. Nc4 Bxe4 33. Nxd6 Bxg2 34.
Qxg2 Qa6 35. Nb7 Be7 36. Bxf6 gxf6 37. Qb2 Ba3 38. Qg2 Qb6 39. h4 f5 40. Kh3
Kf8 41. Qf3 Bb4 42. a3 Be7 43. Qc3 Kg8 44. Qc8+ Kg7 45. a4 Bb4 46. Nd8 Ba5 47.
Nb7 Qa6 48. Qb8 Qf1+ 49. Kh2 Qf2+ 50. Kh1 Bb6 51. Qe5+ Kh7 52. Qa1 Qf3+ 0-1

[Event "Magistral ciutat de Barcelona,"]
[Site "Barcelona"]
[Date "2009.11.05"]
[Round "4.1"]
[White "Fier, Alexandr"]
[Black "Alsina Leal, Daniel"]
[Result "0-1"]
[WhiteElo "2653"]
[BlackElo "2523"]
[PlyCount "116"]
[EventDate "2009.11.02"]
[EventRounds "9"]
[EventCountry "ESP"]

1. d4 Nf6 2. Nf3 g6 3. c4 Bg7 4. Nc3 d5 5. Qb3 dxc4 6. Qxc4 O-O 7. e4 a6 8. e5
b5 9. Qb3 Nfd7 10. e6 fxe6 11. h4 Nf6 12. a4 bxa4 13. Rxa4 Nc6 14. Bc4 Qd6 15.
h5 gxh5 16. Rh4 Rb8 17. Qd1 Nb4 18. Ng5 Qc6 19. Bf1 Bd7 20. Ra5 Qb6 21. Rc5 h6
22. Nf3 Be8 23. Bc4 Rd8 24. Na4 Qb7 25. Bxe6+ Kh8 26. Nc3 Qb6 27. Re5 Ng4 28.
Bxg4 hxg4 29. Rxg4 Bxe5 30. Nxe5 Bh5 31. Be3 Bxg4 32. Nxg4 Qg6 33. Ne5 Qh7 34.
Qh5 Nc2+ 35. Ke2 Nxe3 36. Kxe3 Rd6 37. g4 Qg7 38. Ne4 Rb6 39. f4 Rb3+ 40. Nc3
Rb6 41. Nd5 Rd6 42. Nxc7 Qf6 43. f5 Qg5+ 44. Qxg5 hxg5 45. Ne6 Rxe6 46. fxe6
Kg7 47. Nc6 Rf1 48. Nxe7 Re1+ 49. Kd3 Rxe6 50. Nf5+ Kf6 51. Ne3 Ke7 52. d5 Rb6
53. Nc4 Rf6 54. Kd4 Rf4+ 55. Kc5 Rxg4 56. Ne5 Rg1 57. d6+ Ke6 58. d7 Rd1 0-1

[Event "Magistral ciutat de Barcelona,"]
[Site "Barcelona"]
[Date "2009.11.06"]
[Round "5.1"]
[White "Tregubov, Pavel V"]
[Black "Peralta, Fernando"]
[Result "0-1"]
[WhiteElo "2642"]
[BlackElo "2557"]
[PlyCount "80"]
[EventDate "2009.11.02"]
[EventRounds "9"]
[EventCountry "ESP"]

1. d4 d5 2. c4 c6 3. Nf3 Nf6 4. e3 Bg4 5. Nc3 e6 6. Bd3 Bd6 7. h3 Bxf3 8. Qxf3
O-O 9. O-O Nbd7 10. Bd2 Re8 11. Rfe1 e5 12. cxd5 cxd5 13. Bb5 e4 14. Qf5 g6 15.
Qg5 Kg7 16. f4 exf3 17. gxf3 a6 18. Bd3 Nf8 19. Ne2 Ne6 20. Qg2 Kg8 21. Bc2 Qd7
22. Rad1 Rac8 23. Nc3 Bf8 24. Bb3 Kh8 25. Re2 Bh6 26. Be1 Ng7 27. Bh4 Ngh5 28.
e4 g5 29. Bg3 Nf4 30. Bxf4 gxf4 31. Kh2 Rg8 32. Qf1 Rg3 33. e5 Nh5 34. Nxd5
Rcg8 35. Nf6 Nxf6 36. exf6 Bf8 37. Re5 R8g6 38. Rde1 Rh6 39. Be6 fxe6 40. Rxe6
Qb5 0-1

[Event "Magistral ciutat de Barcelona,"]
[Site "Barcelona"]
[Date "2009.11.06"]
[Round "5.1"]
[White "Lopez Martinez, Josep Manuel"]
[Black "Narciso Dublan, Marc"]
[Result "1/2-1/2"]
[WhiteElo "2589"]
[BlackElo "2510"]
[PlyCount "93"]
[EventDate "2009.11.02"]
[EventRounds "9"]
[EventCountry "ESP"]

1. e4 Nf6 2. e5 Nd5 3. d4 d6 4. Nf3 Nc6 5. c4 Nb6 6. exd6 exd6 7. Be2 Be7 8.
O-O O-O 9. h3 Bf5 10. Nc3 h6 11. d5 Ne5 12. Nd4 Bh7 13. b3 Re8 14. Kh1 Bf6 15.
Be3 Nbd7 16. Qd2 Nc5 17. Rad1 Re7 18. Nf3 Qf8 19. Nxe5 Bxe5 20. b4 Ne4 21. Nxe4
Bxe4 22. Bd3 Bxd3 23. Qxd3 a5 24. a3 axb4 25. axb4 Qe8 26. c5 Ra4 27. Rb1 Qa8
28. Rfc1 Ra3 29. Qf5 g6 30. Qg4 h5 31. Qg5 Re8 32. Qh4 Qa4 33. Qc4 Ra8 34. cxd6
cxd6 35. b5 Qxc4 36. Rxc4 Ra1 37. Rxa1 Rxa1+ 38. Rc1 Rxc1+ 39. Bxc1 Bd4 40. f3
Kf8 41. g4 Ke7 42. Kg2 Kd7 43. Bd2 Kc7 44. Ba5+ Bb6 45. Bc3 Bc5 46. Ba5+ Bb6
47. Bc3 1/2-1/2

[Event "Magistral ciutat de Barcelona,"]
[Site "Barcelona"]
[Date "2009.11.08"]
[Round "7.1"]
[White "Magem Badals, Jordi"]
[Black "Alsina Leal, Daniel"]
[Result "1/2-1/2"]
[WhiteElo "2564"]
[BlackElo "2523"]
[PlyCount "64"]
[EventDate "2009.11.02"]
[EventRounds "9"]
[EventCountry "ESP"]

1. e4 c5 2. Nf3 d6 3. d4 cxd4 4. Nxd4 Nf6 5. Nc3 a6 6. Bg5 e6 7. f4 Qb6 8. Qd2
Qxb2 9. Rb1 Qa3 10. e5 dxe5 11. fxe5 h6 12. Bh4 Nfd7 13. Ne4 Qxa2 14. Rd1 Qd5
15. Qe3 Qxe5 16. Be2 Bc5 17. Bg3 Bxd4 18. Rxd4 Qa5+ 19. Rd2 O-O 20. Bd6 Nc6 21.
O-O Nce5 22. Rdd1 Re8 23. c4 Ng6 24. c5 Nh4 25. Qf4 Nf5 26. Bc7 Qa3 27. Rd3 Qb2
28. Rd2 Qb3 29. Rf3 Qb1+ 30. Rf1 Qb3 31. Rf3 Qb1+ 32. Rf1 Qb3 1/2-1/2

[Event "Magistral ciutat de Barcelona,"]
[Site "Barcelona"]
[Date "2009.11.08"]
[Round "7.1"]
[White "Tregubov, Pavel V"]
[Black "Fier, Alexandr"]
[Result "1-0"]
[WhiteElo "2642"]
[BlackElo "2653"]
[PlyCount "77"]
[EventDate "2009.11.02"]
[EventRounds "9"]
[EventCountry "ESP"]

1. d4 Nf6 2. c4 e6 3. Nf3 d5 4. Nc3 c6 5. g3 dxc4 6. Bg2 b5 7. Ne5 Qb6 8. a4
Bb7 9. O-O a6 10. b3 cxb3 11. Qxb3 Qxd4 12. axb5 axb5 13. Rxa8 Bxa8 14. Bf4 Bb4
15. Nxb5 cxb5 16. Bxa8 O-O 17. Bf3 Bd2 18. Rd1 Qc3 19. Qxb5 Bxf4 20. gxf4 Qc7
21. Kg2 g6 22. e3 Kg7 23. Qb2 Qe7 24. Rd3 Kg8 25. Qd4 Ne8 26. Rb3 Nd6 27. Ng4
f6 28. Nxf6+ Rxf6 29. Rxb8+ Rf8 30. Rb6 Nf5 31. Qe4 Nh4+ 32. Kg3 e5 33. Rb7 Qf6
34. Qc4+ Kh8 35. Qc7 Nf5+ 36. Kg2 Qh4 37. Qxe5+ Qf6 38. Qc7 Qh4 39. e4 1-0

[Event "Magistral ciutat de Barcelona,"]
[Site "Barcelona"]
[Date "2009.11.09"]
[Round "8.1"]
[White "Almeida Quintana, Omar"]
[Black "Narciso Dublan, Marc"]
[Result "1-0"]
[WhiteElo "2542"]
[BlackElo "2510"]
[PlyCount "81"]
[EventDate "2009.11.02"]
[EventRounds "9"]
[EventCountry "ESP"]

1. d4 f5 2. Nc3 d5 3. Bg5 Nf6 4. Bxf6 exf6 5. e3 Be6 6. Bb5+ Nd7 7. Qf3 Bb4 8.
Nge2 O-O 9. Bd3 g6 10. h4 Nb6 11. h5 g5 12. Bxf5 Qd7 13. g4 Bxf5 14. Qxf5 Qxf5
15. gxf5 Nc8 16. f3 Nd6 17. Kf2 c6 18. Ng3 Rfe8 19. Nd1 Re7 20. a3 Ba5 21. b4
Bc7 22. Nc3 Nb5 23. Nxb5 Bxg3+ 24. Kxg3 cxb5 25. Rhe1 Rae8 26. a4 bxa4 27. Rxa4
a6 28. Ra5 Rxe3 29. Rxe3 Rxe3 30. Rxd5 Kg7 31. c4 Kh6 32. Rd7 Rc3 33. Rc7 b6
34. d5 Rd3 35. Rc6 b5 36. Rxf6+ Kxh5 37. c5 Rxd5 38. Rf7 Kh6 39. c6 Rd2 40. c7
Rc2 41. Rd7 1-0

[Event "Magistral ciutat de Barcelona,"]
[Site "Barcelona"]
[Date "2009.11.09"]
[Round "8.1"]
[White "Fier, Alexandr"]
[Black "Lopez Martinez, Josep Manuel"]
[Result "1/2-1/2"]
[WhiteElo "2653"]
[BlackElo "2589"]
[PlyCount "75"]
[EventDate "2009.11.02"]
[EventRounds "9"]
[EventCountry "ESP"]

1. e4 e5 2. f4 exf4 3. Nf3 Ne7 4. d4 d5 5. Nc3 dxe4 6. Nxe4 Nd5 7. Bd3 Be7 8.
c4 Ne3 9. Bxe3 fxe3 10. Qe2 Bg4 11. Qxe3 Bxf3 12. gxf3 Nc6 13. d5 Nb4 14. a3
Nxd3+ 15. Qxd3 Bh4+ 16. Kd2 O-O 17. Rhg1 Qe7 18. Qd4 g6 19. f4 f5 20. Ng5 Bxg5
21. fxg5 Rae8 22. Rae1 Qd6 23. h4 b6 24. Rgf1 a5 25. Kc1 Qh2 26. Rh1 Qg3 27.
Re6 Rxe6 28. dxe6 Re8 29. Rd1 f4 30. Rf1 Qe3+ 31. Qd2 Rxe6 32. Rxf4 Qxd2+ 33.
Kxd2 c5 34. Kd3 Kg7 35. Re4 Kf7 36. Rf4+ Kg7 37. Re4 Kf7 38. Rf4+ 1/2-1/2

[Event "Magistral ciutat de Barcelona,"]
[Site "Barcelona"]
[Date "2009.11.09"]
[Round "8.1"]
[White "Alsina Leal, Daniel"]
[Black "Tregubov, Pavel V"]
[Result "1-0"]
[WhiteElo "2523"]
[BlackElo "2642"]
[PlyCount "57"]
[EventDate "2009.11.02"]
[EventRounds "9"]
[EventCountry "ESP"]

1. e4 c5 2. Nf3 Nc6 3. d4 cxd4 4. Nxd4 e5 5. Nb5 d6 6. N1c3 a6 7. Na3 b5 8. Nd5
Nge7 9. c4 Nxd5 10. exd5 Nd4 11. cxb5 Be7 12. Bd3 O-O 13. O-O f5 14. bxa6 Qb6
15. Be3 Bxa6 16. Bxa6 Rxa6 17. Bxd4 exd4 18. Qd3 Rfa8 19. Nb5 Rxa2 20. Rxa2
Rxa2 21. Nxd4 Rxb2 22. Nxf5 Bf6 23. Qe4 Be5 24. Ne7+ Kf8 25. Nc6 Bf6 26. Qxh7
Rd2 27. Qf5 Qc5 28. Qc8+ Kf7 29. Qe6+ 1-0

[Event "Magistral ciutat de Barcelona,"]
[Site "Barcelona"]
[Date "2009.11.10"]
[Round "9.1"]
[White "Lopez Martinez, Josep Manuel"]
[Black "Alsina Leal, Daniel"]
[Result "1/2-1/2"]
[WhiteElo "2589"]
[BlackElo "2523"]
[PlyCount "105"]
[EventDate "2009.11.02"]
[EventRounds "9"]
[EventCountry "ESP"]

1. e4 c5 2. Nf3 Nc6 3. d4 cxd4 4. Nxd4 Nf6 5. Nc3 e5 6. Ndb5 d6 7. Bg5 a6 8.
Na3 b5 9. Nd5 Be7 10. Bxf6 Bxf6 11. c3 Bg5 12. Nc2 Ne7 13. h4 Bh6 14. Ncb4 O-O
15. g3 Kh8 16. a3 Be6 17. a4 bxa4 18. Bxa6 f5 19. Bb7 Rb8 20. exf5 Nxf5 21. Bc6
Bxd5 22. Bxd5 Qb6 23. Qd3 e4 24. Bxe4 Rbe8 25. Nd5 Qa7 26. Rf1 Qd7 27. Kd1 Rxe4
28. Qxe4 Qb5 29. Kc2 Re8 30. Rxa4 Rxe4 31. Rxe4 g6 32. Rd1 Qc5 33. Re2 Qb5 34.
Re4 Qc5 35. g4 Qxf2+ 36. Kb3 Ne3 37. Nxe3 Bxe3 38. Rxd6 Qf7+ 39. Rde6 Bf2 40.
h5 gxh5 41. gxh5 Qxh5 42. Kc2 Qf5 43. R6e5 Qg6 44. b4 Bh4 45. b5 Bf6 46. Re6
Qg2+ 47. Kb3 Qf3 48. Re3 Qd5+ 49. Kb4 Bxc3+ 50. Kxc3 Qc5+ 51. Kb2 Qxb5+ 52. Rb3
Qd7 53. Rbe3 1/2-1/2

[Event "Magistral ciutat de Barcelona,"]
[Site "Barcelona"]
[Date "2009.11.10"]
[Round "9.1"]
[White "Peralta, Fernando"]
[Black "Almeida Quintana, Omar"]
[Result "1-0"]
[WhiteElo "2557"]
[BlackElo "2542"]
[PlyCount "69"]
[EventDate "2009.11.02"]
[EventRounds "9"]
[EventCountry "ESP"]

1. d4 Nf6 2. c4 c5 3. d5 e6 4. Nc3 exd5 5. cxd5 d6 6. e4 g6 7. f4 Bg7 8. Bb5+
Nfd7 9. Nf3 a6 10. Bd3 b5 11. O-O O-O 12. Kh1 Re8 13. f5 Nf6 14. Bg5 Nbd7 15.
Qd2 b4 16. Ne2 c4 17. Bc2 Nc5 18. Ng3 Qc7 19. Rae1 Nfd7 20. e5 dxe5 21. d6 Qc6
22. Be7 b3 23. axb3 cxb3 24. Bb1 Bb7 25. Ne4 Rac8 26. f6 Bh8 27. Qh6 Ne6 28.
Rc1 Qd5 29. Rcd1 Qc6 30. Rc1 Qd5 31. Rcd1 Qc6 32. Rf2 Qb6 33. Nfg5 Nef8 34.
Nxf7 Bxe4 35. Qxf8+ 1-0